[Event "Parana-ch"]
[Site "Curitiba"]
[Date "2018.11.25"]
[Round "7"]
[White "Santos Filho, Valter"]
[Black "Lopes, Aloisio Ponti"]
[Result "1-0"]
[WhiteElo "1733"]
[BlackElo "1913"]
[PlyCount "93"]
[EventDate "2018.11.22"]
[EventType "swiss"]
[EventRounds "7"]
[EventCountry "BRA"]
[SourceTitle "CBM 187 Extra"]
[Source "ChessBase"]
[SourceDate "2018.11.04"]
[SourceVersion "1"]
[SourceVersionDate "2018.11.04"]
[SourceQuality "1"]

1. c4 Nf6 2. Nf3 e6 3. g3 b6 4. Bg2 Bb7 5. 0-0 Be7 6. Nc3 0-0 7. d4 Ne4 8. d5 Nxc3 9. bxc3 Na6 10. e4 exd5 11. cxd5 d6 12. c4 Bf6 13. Rb1 Re8 14. Re1 Nc5 15. Nd4 Bxd4 16. Qxd4 f6 17. Ba3 Bc8 18. f4 Qd7 19. Bxc5 bxc5 20. Qc3 Qg4 21. e5 Bf5 22. Rb7 fxe5 23. Bf3 Qh3 24. fxe5 Rab8 25. Rxb8 Rxb8 26. e6 Qh6 27. Bd1 Qf6 28. Qxf6 gxf6 29. Ba4 Bg6 30. Bb5 Be8 31. a4 Kf8 32. Kf2 Ke7 33. Ke3 a6 34. Bxa6 Bxa4 35. Kf4 Rb4 36. Re2 c6 37. dxc6 Bxc6 38. Kf5 Rb6 39. Ra2 Bb7 40. Bxb7 Rxb7 41. Ra8 Rb1 42. Ra7+ Kf8 43. Kxf6 Rf1+ 44. Kg5 Re1 45. Rf7+ Kg8 46. Kf6 Re5 47. Rd7 1-0

[Event "Parana-ch"]
[Site "Curitiba"]
[Date "2018.11.24"]
[Round "4"]
[White "Lopes, Aloisio Ponti"]
[Black "Rogoski, Joao Vitor Ximenes"]
[Result "1-0"]
[WhiteElo "1913"]
[BlackElo "1800"]
[PlyCount "109"]
[EventDate "2018.11.22"]
[EventType "swiss"]
[EventRounds "7"]
[EventCountry "BRA"]
[SourceTitle "CBM 187 Extra"]
[Source "ChessBase"]
[SourceDate "2018.11.04"]
[SourceVersion "1"]
[SourceVersionDate "2018.11.04"]
[SourceQuality "1"]

1. e4 e6 2. d4 d5 3. exd5 exd5 4. Bd3 c5 5. Qe2+ Qe7 6. dxc5 Qxe2+ 7. Nxe2 Bxc5 8. Nbc3 Nf6 9. Bg5 d4 10. Bxf6 gxf6 11. Nd5 Kd8 12. Nxf6 Nd7 13. Ne4 Bb6 14. 0-0-0 Nc5 15. Nxc5 Bxc5 16. Bc4 f6 17. Nxd4 Kc7 18. f3 Re8 19. Nb3 Be3+ 20. Kb1 Bg5 21. g3 Bd7 22. f4 Bh6 23. Bd3 Bc6 24. Rhe1 Bf3 25. Rc1 Rad8 26. Bxh7 Rxe1 27. Rxe1 Rd1+ 28. Rxd1 Bxd1 29. Kc1 Bg4 30. Kd2 Bf8 31. Ke3 b6 32. Ke4 a5 33. Nd4 Bc5 34. c3 Kd6 35. Bg6 Bxd4 36. cxd4 b5 37. h4 Bd1 38. h5 b4 39. f5 a4 40. h6 a3 41. bxa3 bxa3 42. Bf7 Ke7 43. h7 Kxf7 44. h8Q Bc2+ 45. Kf4 Bb3 46. axb3 a2 47. Qa8 a1R 48. Qxa1 Kg7 49. Qh1 Kg8 50. Qb7 Kh8 51. Kg4 Kg8 52. Qe7 Kh8 53. Kh5 Kg8 54. Kg6 Kh8 55. Qf8# 1-0

[Event "Parana-ch"]
[Site "Curitiba"]
[Date "2018.11.24"]
[Round "5"]
[White "Rosa, Jefferson Luiz"]
[Black "Lopes, Aloisio Ponti"]
[Result "0-1"]
[WhiteElo "1492"]
[BlackElo "1913"]
[PlyCount "52"]
[EventDate "2018.11.22"]
[EventType "swiss"]
[EventRounds "7"]
[EventCountry "BRA"]
[SourceTitle "CBM 187 Extra"]
[Source "ChessBase"]
[SourceDate "2018.11.04"]
[SourceVersion "1"]
[SourceVersionDate "2018.11.04"]
[SourceQuality "1"]

1. e4 d5 2. exd5 Qxd5 3. Nc3 Qd8 4. Nf3 Nf6 5. d3 Bf5 6. Be2 e6 7. Nh4 Bg6 8. Nxg6 hxg6 9. Bf3 c6 10. 0-0 Qc7 11. g3 Bd6 12. Qe2 Nbd7 13. Ne4 Nxe4 14. Bxe4 0-0-0 15. Be3 f5 16. Bxc6 Qxc6 17. f4 Kb8 18. Rf2 Nf6 19. c3 Ng4 20. Rg2 Rh3 21. a4 Rdh8 22. Bxa7+ Kxa7 23. d4 Rxh2 24. Kf1 Rh1+ 25. Rg1 Rxg1+ 26. Kxg1 Rh1# 0-1

[Event "Matinhos Caioba-ch"]
[Site "Matinhos"]
[Date "2015.08.28"]
[Round "1"]
[White "Lopes, Aloisio Ponti"]
[Black "Stamenkovic, Dragan"]
[Result "0-1"]
[WhiteElo "1927"]
[BlackElo "2408"]
[PlyCount "106"]
[EventDate "2015.08.28"]
[EventType "swiss"]
[EventRounds "6"]
[EventCountry "BRA"]
[SourceTitle "EXT 2016"]
[Source "ChessBase"]
[SourceDate "2015.10.08"]
[SourceVersion "1"]
[SourceVersionDate "2015.10.08"]
[SourceQuality "1"]

1. c4 Nf6 2. g3 c6 3. Nf3 d6 4. Bg2 e5 5. d3 Be7 6. 0-0 0-0 7. Nc3 Re8 8. a3 Bf8 9. Bg5 Nbd7 10. e4 h6 11. Bd2 a6 12. b4 b5 13. Qc2 Bb7 14. Rfe1 g6 15. h3 Bg7 16. Qb3 Qe7 17. Be3 Reb8 18. Nd2 Bc8 19. cxb5 cxb5 20. Rac1 Nb6 21. Bxb6 Rxb6 22. Nd5 Nxd5 23. Qxd5 Qa7 24. Qb3 h5 25. Qc3 Bh6 26. Rc2 Be6 27. Nb3 Rc8 28. Qb2 Rbc6 29. Rxc6 Rxc6 30. Na5 Rc7 31. Rd1 Qd4 32. Qxd4 exd4 33. f4 h4 34. Kf2 Kf8 35. Bf1 Rc3 36. Ra1 f5 37. Re1 Rxa3 38. exf5 hxg3+ 39. Kxg3 Bxf5 40. Nb7 Bxd3 41. Bxd3 Rxd3+ 42. Kg4 Re3 43. Rc1 Re4 44. Rc8+ Ke7 45. Re8+ Kxe8 46. Nxd6+ Kd7 47. Nxe4 Kc6 48. Kf3 Kd5 49. Nc5 a5 50. Nd3 a4 51. Nc1 a3 52. Na2 Bf8 53. Ke2 Kc4 0-1

[Event "Matinhos Caioba op"]
[Site "Matinhos"]
[Date "2015.08.14"]
[Round "2"]
[White "Brito, Luismar Jorge"]
[Black "Lopes, Aloisio Ponti"]
[Result "1-0"]
[WhiteElo "2257"]
[BlackElo "1927"]
[PlyCount "69"]
[EventDate "2015.08.14"]
[EventType "swiss"]
[EventRounds "6"]
[EventCountry "BRA"]
[SourceTitle "EXT 2016"]
[Source "ChessBase"]
[SourceDate "2015.10.08"]
[SourceVersion "1"]
[SourceVersionDate "2015.10.08"]
[SourceQuality "1"]

1. Nc3 d5 2. e4 d4 3. Nce2 e5 4. Nf3 Bd6 5. c3 c5 6. Ng3 Ne7 7. Bc4 h6 8. b4 Nbc6 9. a3 0-0 10. 0-0 Qc7 11. Qc2 Kh8 12. Re1 a6 13. Nf5 b5 14. bxc5 Nxf5 15. cxd6 Nxd6 16. Bd5 Ra7 17. cxd4 Nxd4 18. Nxd4 exd4 19. Qd3 Be6 20. Qxd4 Bxd5 21. Qxd5 Nc4 22. d4 Rd8 23. Qf5 Rxd4 24. Bxh6 Qd7 25. Be3 Nxe3 26. Qh5+ Kg8 27. Rxe3 Rd3 28. Rxd3 Qxd3 29. Rd1 Rd7 30. Rxd3 Rxd3 31. Kf1 Rxa3 32. Qe5 f6 33. Qd5+ Kh8 34. g4 b4 35. e5 1-0

[Event "Curitiba Sul Regional-ch"]
[Site "Curitiba"]
[Date "2015.07.12"]
[Round "6"]
[White "Souza, Kim Garcia De"]
[Black "Lopes, Aloisio Ponti"]
[Result "1/2-1/2"]
[WhiteElo "1776"]
[BlackElo "1954"]
[PlyCount "38"]
[EventDate "2015.07.10"]
[EventType "swiss"]
[EventRounds "6"]
[EventCountry "BRA"]
[SourceTitle "EXT 2017"]
[Source "ChessBase"]
[SourceDate "2016.10.25"]
[SourceVersion "1"]
[SourceVersionDate "2016.10.25"]
[SourceQuality "1"]

1. b4 d5 2. Bb2 e6 3. Nf3 Nf6 4. a3 Be7 5. e3 0-0 6. c4 c6 7. Be2 b6 8. 0-0 Nbd7 9. d3 Bb7 10. Nbd2 c5 11. b5 Qc7 12. Qc2 Bd6 13. h3 Ne5 14. Qc3 Nxf3+ 15. Nxf3 Rfd8 16. Rfd1 Bf8 17. a4 dxc4 18. dxc4 Rxd1+ 19. Rxd1 Rd8 1/2-1/2

[Event "Curitiba Sul Regional-ch"]
[Site "Curitiba"]
[Date "2015.07.10"]
[Round "1"]
[White "Lopes, Aloisio Ponti"]
[Black "Cunha, Alexandre Rodrigo V"]
[Result "1-0"]
[WhiteElo "1954"]
[BlackElo "1800"]
[PlyCount "35"]
[EventDate "2015.07.10"]
[EventType "swiss"]
[EventRounds "6"]
[EventCountry "BRA"]
[SourceTitle "EXT 2016"]
[Source "ChessBase"]
[SourceDate "2015.10.08"]
[SourceVersion "1"]
[SourceVersionDate "2015.10.08"]
[SourceQuality "1"]

1. c4 Nf6 2. g3 e6 3. Bg2 c6 4. Nf3 d5 5. 0-0 Bd6 6. d4 b6 7. b3 Nbd7 8. Bb2 Qc7 9. Nc3 Bb7 10. cxd5 cxd5 11. Nb5 Qb8 12. Qc1 Ne4 13. Ng5 Nxg5 14. Nxd6+ Qxd6 15. Ba3 Nf3+ 16. Bxf3 Qc6 17. Qg5 Nc5 18. dxc5 1-0

[Event "Curitiba Categoria Especial CXC"]
[Site "Curitiba/PR"]
[Date "2012.02.11"]
[Round "2.1"]
[White "Fier, Luciano dos Santos"]
[Black "Lopes, Aloisio Ponti"]
[Result "1-0"]
[WhiteElo "2024"]
[BlackElo "2031"]
[PlyCount "81"]
[EventDate "2012.02.08"]
[EventType "tourn"]
[EventRounds "5"]
[EventCountry "BRA"]
[SourceTitle "EXT 2022"]
[Source "ChessBase"]
[SourceDate "2021.10.06"]
[SourceVersion "1"]
[SourceVersionDate "2021.10.06"]
[SourceQuality "1"]

1. e4 c5 2. Nf3 e6 3. d4 cxd4 4. Nxd4 a6 5. Nc3 Qc7 6. Bd3 Nf6 7. 0-0 Be7 8. Kh1 Nc6 9. Be3 0-0 10. f4 d6 11. Qf3 Bd7 12. Rae1 Nxd4 13. Bxd4 Bc6 14. Qg3 Nh5 15. Qh3 Nxf4 16. Rxf4 e5 17. Nd5 Bxd5 18. exd5 g6 19. Rfe4 f5 20. R4e2 e4 21. c3 Bf6 22. Bxf6 Rxf6 23. Bxe4 fxe4 24. Rxe4 Qf7 25. Qd3 Rf8 26. Kg1 Qc7 27. Qe3 Qf7 28. Qd3 Qc7 29. b3 Qb6+ 30. Qe3 Qa5 31. Qd2 Rf2 32. Qxf2 Rxf2 33. Kxf2 Qxa2+ 34. R1e2 Qxb3 35. c4 a5 36. g4 Qh3 37. Kg1 h6 38. Rf2 a4 39. c5 dxc5 40. d6 a3 41. d7 1-0

[Event "Curitiba Categoria Especial CXC"]
[Site "Curitiba/PR"]
[Date "2012.02.11"]
[Round "3.1"]
[White "Lopes, Aloisio Ponti"]
[Black "Dias, Anderson Tatsch"]
[Result "0-1"]
[WhiteElo "2031"]
[BlackElo "2195"]
[PlyCount "120"]
[EventDate "2012.02.08"]
[EventType "tourn"]
[EventRounds "5"]
[EventCountry "BRA"]
[SourceTitle "EXT 2022"]
[Source "ChessBase"]
[SourceDate "2021.10.06"]
[SourceVersion "1"]
[SourceVersionDate "2021.10.06"]
[SourceQuality "1"]

1. c4 Nf6 2. Nc3 g6 3. g3 Bg7 4. Bg2 0-0 5. d3 c5 6. Nf3 Nc6 7. 0-0 d5 8. cxd5 Nxd5 9. Bd2 Nc7 10. Qc1 b6 11. Bh6 e5 12. Rd1 Rb8 13. Bxg7 Kxg7 14. Qe3 Re8 15. Rac1 Qe7 16. Qe4 Nd4 17. Qh4 Bb7 18. Qxe7 Rxe7 19. Ne1 Bxg2 20. Kxg2 Rd8 21. Nc2 Nce6 22. Kf1 h5 23. h4 Red7 24. Ne3 Nc6 25. Nc4 Ned4 26. e3 Ne6 27. Ke2 f6 28. f3 Nb4 29. Rd2 Rxd3 30. Rxd3 Nxd3 31. Rd1 Nb4 32. Rxd8 Nxd8 33. a3 Nbc6 34. Kd3 Kf7 35. Ne4 Ne6 36. Ncd6+ Ke7 37. Nb5 a6 38. Nbc3 Nc7 39. Nf2 f5 40. Nh3 b5 41. Ng5 c4+ 42. Kd2 Nd8 43. Nh3 Nde6 44. Nf2 Kd6 45. Kc2 Nc5 46. e4 N7e6 47. Kd2 Nb3+ 48. Ke3 f4+ 49. gxf4 Nxf4 50. Nh1 Nc5 51. Nd1 Ng2+ 52. Kf2 Nxh4 53. Kg3 g5 54. Nhf2 Ne6 55. Ne3 Nd4 56. Nh3 Nhxf3 57. Nf5+ Nxf5+ 58. exf5 e4 59. f6 Ke6 60. Nf2 Nd2 0-1

[Event "Curitiba Categoria Especial CXC"]
[Site "Curitiba/PR"]
[Date "2012.02.10"]
[Round "1.1"]
[White "Lopes, Aloisio Ponti"]
[Black "Da Silva, Daniel Leite"]
[Result "1/2-1/2"]
[WhiteElo "2031"]
[BlackElo "1808"]
[PlyCount "93"]
[EventDate "2012.02.08"]
[EventType "tourn"]
[EventRounds "5"]
[EventCountry "BRA"]
[SourceTitle "EXT 2022"]
[Source "ChessBase"]
[SourceDate "2021.10.06"]
[SourceVersion "1"]
[SourceVersionDate "2021.10.06"]
[SourceQuality "1"]

1. e4 c5 2. Nc3 Nc6 3. g3 g6 4. Bg2 Bg7 5. d3 e6 6. f4 Nge7 7. Nf3 a6 8. 0-0 d6 9. Qe1 Qc7 10. Be3 0-0 11. Qf2 Qb6 12. Rab1 Nd4 13. Nd1 Nec6 14. Nh4 Qa5 15. a3 Ne7 16. b4 Qxa3 17. bxc5 dxc5 18. c3 Nb3 19. Qb2 Qxb2 20. Rxb2 c4 21. dxc4 Na5 22. Bc5 Re8 23. e5 Nxc4 24. Rb4 Na5 25. Ne3 f6 26. Ng4 fxe5 27. fxe5 Nd5 28. Rd4 Nc6 29. Nf6+ Bxf6 30. exf6 Kf7 31. Rdd1 Nxc3 32. Bxc6 bxc6 33. Rd6 Nd5 34. Nf3 Nxf6 35. Ng5+ Kg7 36. Bd4 e5 37. Rdxf6 exd4 38. Rf7+ Kg8 39. Nxh7 Bf5 40. Rc7 Rf8 41. g4 Be4 42. Nf6+ Rxf6 43. Rxf6 Rf8 44. Re6 Bd5 45. Rxg6+ Kh8 46. Rh6+ Kg8 47. Rg6+ 1/2-1/2

[Event "IECG TE.2004.F.01600 email"]
[Site "IECG email"]
[Date "2007.12.13"]
[Round "?"]
[White "Korchut, Adam"]
[Black "Lopes, Aloisio Ponti"]
[Result "0-1"]
[WhiteElo "2157"]
[BlackElo "2024"]
[PlyCount "106"]
[EventDate "2007.12.13"]
[EventType "tourn (corr)"]
[EventRounds "14"]
[SourceTitle "Corr 2024"]
[Source "ChessBase"]
[SourceDate "2023.10.19"]
[SourceVersion "1"]
[SourceVersionDate "2023.10.19"]
[SourceQuality "1"]

1. e4 c6 2. d4 d5 3. e5 Bf5 4. Bd3 Bxd3 5. Qxd3 e6 6. Nf3 Qa5+ 7. Nbd2 Qa6 8. c4 Ne7 9. 0-0 Nd7 10. b3 h5 11. Bb2 Nf5 12. Rfc1 Be7 13. Nf1 g5 14. Ne3 Nxe3 15. Qxe3 g4 16. Nd2 0-0-0 17. Qf4 f6 18. cxd5 exd5 19. e6 Nf8 20. Re1 Qd3 21. Nf1 Qc2 22. Bc1 Rh7 23. Bd2 Qg6 24. b4 Bd6 25. Qe3 Re7 26. b5 cxb5 27. a4 Nxe6 28. axb5 Kb8 29. Qc3 b6 30. Qb2 h4 31. Bb4 h3 32. g3 Qf7 33. Bxd6+ Rxd6 34. Qe2 Qg6 35. Qb2 Rdd7 36. Qb4 Qe8 37. Nd2 Rc7 38. Kf1 Ng7 39. Qb3 Rxe1+ 40. Rxe1 Qd7 41. Kg1 Nf5 42. Qb4 Nd6 43. Rb1 Qe6 44. Kf1 Re7 45. Kg1 Nc4 46. Rc1 f5 47. Rf1 Kb7 48. f4 Qe3+ 49. Rf2 Nxd2 50. Qxd2 Qe1+ 51. Qxe1 Rxe1+ 52. Rf1 Rxf1+ 53. Kxf1 a6 0-1

[Event "IECG TE.2004.F.01600 email"]
[Site "IECG email"]
[Date "2007.12.13"]
[Round "?"]
[White "Sadowski, Marek"]
[Black "Lopes, Aloisio Ponti"]
[Result "1-0"]
[WhiteElo "2040"]
[BlackElo "2024"]
[PlyCount "77"]
[EventDate "2007.12.13"]
[EventType "tourn (corr)"]
[EventRounds "14"]
[SourceTitle "Corr 2024"]
[Source "ChessBase"]
[SourceDate "2023.10.19"]
[SourceVersion "1"]
[SourceVersionDate "2023.10.19"]
[SourceQuality "1"]

1. e4 c6 2. d4 d5 3. e5 Bf5 4. Nc3 a6 5. Nge2 e6 6. Ng3 Bg6 7. h4 h6 8. h5 Bh7 9. Bd3 Bxd3 10. cxd3 Qb6 11. Qg4 Nd7 12. 0-0 Ne7 13. Be3 0-0-0 14. Qf3 f5 15. exf6 gxf6 16. Na4 Qc7 17. b4 b6 18. Rab1 Kb7 19. Nc3 Rg8 20. a4 Qd6 21. Rfc1 Rc8 22. Qd1 e5 23. Nce2 Qe6 24. Qd2 Rg4 25. b5 a5 26. Bxh6 Bxh6 27. bxc6+ Rxc6 28. Qxh6 exd4 29. Rxc6 Nxc6 30. Qh7 Ne7 31. Re1 Nf8 32. Qh6 Nd7 33. Qd2 Qd6 34. f3 Rg7 35. Qh6 Rf7 36. Qf4 Qe5 37. Qxd4 Nc5 38. Qxe5 fxe5 39. Nc3 1-0